00314nam a2200133Ia 4500008004100000041000800041082001600049100001600065245004000081260002000121300000800141365001500149700001600164230718s9999 xx 000 0 und d aeng a152.42bCAR aCarnegie D. aHow To Enjoy Your Life And Your Job c1985bVermilion a208 cRs.b95.00 aCarnegie D.